[Event "Ogolnopolski Integracyjny Turniej Szacho"]
[Site "Osrodek "]
[Date "2012.??.??"]
[Round "7.10"]
[White "Szydlowski, Wiktor"]
[Black "Winiarski, Kazimierz"]
[Result "1/2-1/2"]
[WhiteElo "1835"]
[BlackElo "1941"]
[PlyCount "29"]
[EventDate "2012.??.??"]

1. e4 c5 2. Nf3 e6 3. g3 b6 4. Bg2 Bb7 5. d3 Be7 6. O-O d6 7. c4 Nf6 8. e5 dxe5
9. Nxe5 Bxg2 10. Kxg2 O-O 11. Qf3 Nbd7 12. Nc6 Qe8 13. Nxe7+ Qxe7 14. Re1 Rad8
15. Nc3 1/2-1/2

[Event "Ogolnopolski Integracyjny Turniej Szacho"]
[Site "Osrodek "]
[Date "2012.??.??"]
[Round "7.11"]
[White "Salamon, Jan"]
[Black "Karolak, Jan"]
[Result "1/2-1/2"]
[WhiteElo "1802"]
[BlackElo "1906"]
[PlyCount "36"]
[EventDate "2012.??.??"]

1. e4 e6 2. c3 c5 3. Nf3 d5 4. exd5 exd5 5. d4 Nf6 6. Be3 Ng4 7. Bf4 Bd6 8.
Bxd6 Qxd6 9. h3 Nf6 10. Bd3 c4 11. Bc2 O-O 12. O-O Ne4 13. Nbd2 Nxd2 14. Qxd2
Be6 15. Ne5 Nc6 16. Nxc6 bxc6 17. Qg5 Qd8 18. Qxd8 Rfxd8 1/2-1/2

[Event "Ogolnopolski Integracyjny Turniej Szacho"]
[Site "Osrodek "]
[Date "2012.??.??"]
[Round "7.12"]
[White "Kowalczyk, Lucjan"]
[Black "Korycki, Jozef"]
[Result "0-1"]
[WhiteElo "2103"]
[BlackElo "1737"]
[PlyCount "72"]
[EventDate "2012.??.??"]

1. e4 e6 2. Nf3 d6 3. d4 c6 4. c4 Be7 5. Nc3 a6 6. a4 Nd7 7. a5 Ngf6 8. Bd3 Qc7
9. Bf4 e5 10. Bd2 exd4 11. Nxd4 Ne5 12. Be2 h6 13. f4 Ng6 14. O-O O-O 15. g3
Bh3 16. Rf2 Qd7 17. Bf3 Bg4 18. Bxg4 Nxg4 19. Re2 Nf6 20. Nf5 Rae8 21. Na4 Bd8
22. Qe1 Bc7 23. Bc3 Qd8 24. b4 b6 25. Nxb6 Bxb6+ 26. axb6 Qxb6+ 27. Kg2 Nh5 28.
Nxd6 Nhxf4+ 29. gxf4 Nxf4+ 30. Kf3 Nxe2 31. Qxe2 Re6 32. c5 Qa7 33. Qc4 g6 34.
e5 Qe7 35. Ne4 Qh4 36. Nf6+ Rxf6+ 0-1

[Event "Ogolnopolski Integracyjny Turniej Szacho"]
[Site "Osrodek "]
[Date "2012.??.??"]
[Round "7.13"]
[White "Borowski, Jaroslaw"]
[Black "Wojtowicz, Mieczyslaw"]
[Result "1-0"]
[WhiteElo "1977"]
[BlackElo "1716"]
[PlyCount "83"]
[EventDate "2012.??.??"]

1. Nf3 Nc6 2. d4 d5 3. c4 e6 4. Nc3 Bb4 5. Bg5 f6 6. Bf4 Nge7 7. e3 O-O 8. Bd3
e5 9. dxe5 Bg4 10. exf6 gxf6 11. Qc2 d4 12. Nxd4 Nxd4 13. exd4 Qxd4 14. Be3 Qd8
15. f3 Bh5 16. Bxh7+ Kg7 17. Bd3 Nc6 18. O-O-O Bd6 19. Nd5 Nb4 20. Nxb4 Bxb4
21. Bf5 Qe8 22. Bf4 Bd6 23. Bxd6 cxd6 24. Rxd6 Qe3+ 25. Kb1 Rad8 26. Rhd1 Rxd6
27. Rxd6 Qe1+ 28. Rd1 Qe5 29. g4 Bf7 30. b3 a6 31. Qb2 Qe3 32. Be4 Re8 33. Qd4
Rxe4 34. fxe4 Qf4 35. g5 Bg6 36. Qxf6+ Qxf6 37. gxf6+ Kxf6 38. Rd6+ Kg5 39.
Rxg6+ Kxg6 40. Kc2 Kf6 41. Kd3 Ke5 42. b4 1-0

[Event "Ogolnopolski Integracyjny Turniej Szacho"]
[Site "Osrodek "]
[Date "2012.??.??"]
[Round "7.15"]
[White "Kubin, Aleksander"]
[Black "Jasinska-kuzia, Lidia"]
[Result "1-0"]
[WhiteElo "1891"]
[BlackElo "1670"]
[PlyCount "57"]
[EventDate "2012.??.??"]

1. e4 c5 2. Nc3 Nc6 3. f4 e6 4. Nf3 Be7 5. Bc4 Na5 6. d3 Nxc4 7. dxc4 a6 8. a4
d6 9. O-O Nf6 10. e5 dxe5 11. Qxd8+ Bxd8 12. fxe5 Nd7 13. Be3 Bc7 14. Bf4 f6
15. Rae1 O-O 16. Bg3 Ba5 17. Re3 b5 18. axb5 Bxc3 19. Rxc3 axb5 20. cxb5 Ra5
21. exf6 Rxf6 22. Rb3 c4 23. Rb4 Nb6 24. Bc7 Rxb5 25. Rxb5 Nd5 26. Be5 Rf8 27.
Rb8 Ne3 28. Rf2 Rd8 29. h3 1-0

[Event "Ogolnopolski Integracyjny Turniej Szacho"]
[Site "Osrodek "]
[Date "2012.??.??"]
[Round "7.16"]
[White "Kurz, Krzysztof"]
[Black "Dulinski, Stanislaw"]
[Result "1-0"]
[WhiteElo "1640"]
[BlackElo "1851"]
[PlyCount "87"]
[EventDate "2012.??.??"]

1. d4 d5 2. c4 Nf6 3. Nf3 Nc6 4. Bg5 Bg4 5. e3 h6 6. Bxf6 gxf6 7. Be2 e6 8. a3
Be7 9. Nc3 f5 10. cxd5 exd5 11. h3 Bh5 12. Qb3 Na5 13. Qb5+ c6 14. Qa4 b5 15.
Qc2 Bg6 16. b4 Nc4 17. Qc1 O-O 18. Ne5 Nxe5 19. dxe5 Kg7 20. O-O Bg5 21. f4 Bh4
22. Kh2 Qb6 23. g3 Be7 24. Bf3 Rfd8 25. Rd1 a5 26. bxa5 Rxa5 27. Rd4 Rda8 28.
Nb1 Bc5 29. Rd3 Ra4 30. Rc3 Rc4 31. Be2 Rxc3 32. Nxc3 Bxe3 33. Qb2 d4 34. Nd1
Kh7 35. Nxe3 dxe3 36. Rd1 Ra4 37. Rd3 Re4 38. Qb3 c5 39. Rd7 c4 40. Qb4 Rd4 41.
Rd6 Qa7 42. e6 fxe6 43. Rxe6 Rd2 44. Re7+ 1-0

[Event "Ogolnopolski Integracyjny Turniej Szacho"]
[Site "Osrodek "]
[Date "2012.??.??"]
[Round "7.17"]
[White "Radwan, Jan"]
[Black "Janocha, Jan"]
[Result "1-0"]
[WhiteElo "1618"]
[BlackElo "1832"]
[PlyCount "83"]
[EventDate "2012.??.??"]

1. b4 e5 2. Bb2 Bxb4 3. Bxe5 Nf6 4. c3 Bc5 5. d4 Bb6 6. Qc2 O-O 7. h3 d6 8. Bh2
c5 9. e3 Re8 10. Be2 Nc6 11. dxc5 dxc5 12. Nf3 Ne4 13. O-O Bf5 14. Qb2 Qe7 15.
Nbd2 Rad8 16. Nxe4 Bxe4 17. a4 Na5 18. Bf4 f6 19. Nd2 Bc6 20. Nc4 Nxc4 21.
Bxc4+ Kh8 22. Qe2 Ba5 23. Rfc1 a6 24. Ra3 Rd7 25. Ra2 Red8 26. Kh2 g5 27. Bg3
Kg7 28. f4 h6 29. fxg5 hxg5 30. Qf2 Be4 31. Bf1 Bd3 32. Be2 Bxe2 33. Qxe2 Rd3
34. e4 Rxc3 35. Rf1 Bc7 36. Bxc7 Qxc7+ 37. Kh1 Rcd3 38. Rc2 Qe5 39. Rb2 R8d7
40. Rb6 R3d6 41. Rbb1 Re7 42. Rbd1 {(...57)} 1-0

[Event "Ogolnopolski Integracyjny Turniej Szacho"]
[Site "Osrodek "]
[Date "2012.??.??"]
[Round "7.19"]
[White "Ostrowski, Michal"]
[Black "Niecko, Stanislaw"]
[Result "0-1"]
[WhiteElo "1418"]
[BlackElo "1828"]
[PlyCount "60"]
[EventDate "2012.??.??"]

1. Nf3 c5 2. e4 Nc6 3. Nc3 g6 4. d4 cxd4 5. Nxd4 Bg7 6. Nxc6 bxc6 7. Bd2 Rb8 8.
Qc1 Nf6 9. Bd3 O-O 10. O-O Qc7 11. Bf4 d6 12. Bh6 Bxh6 13. Qxh6 Rxb2 14. Rab1
Rxb1 15. Rxb1 Ng4 16. Qf4 Be6 17. h3 Ne5 18. Ba6 Rb8 19. Rxb8+ Qxb8 20. Qc1 Qb4
21. Qe3 Qb6 22. Qxb6 axb6 23. a4 Bc4 24. Bb7 g5 25. f3 Kf8 26. Kf2 Ke8 27. Ke3
Kd7 28. g3 Kc7 29. Ba8 Be6 30. g4 Kb8 0-1

[Event "Ogolnopolski Integracyjny Turniej Szacho"]
[Site "Osrodek "]
[Date "2012.??.??"]
[Round "7.20"]
[White "Olszewski, Jerzy"]
[Black "Zatylny, Jan"]
[Result "1/2-1/2"]
[WhiteElo "1806"]
[BlackElo "1614"]
[PlyCount "49"]
[EventDate "2012.??.??"]

1. e4 e6 2. g3 c6 3. Bg2 d5 4. Ne2 Nf6 5. e5 Nfd7 6. f4 Be7 7. O-O O-O 8. d4 f5
9. h3 b6 10. Nd2 Bb7 11. Kh2 c5 12. c3 Nc6 13. a3 cxd4 14. cxd4 Ba6 15. Nf3 Na5
16. Rf2 Bc4 17. Nd2 b5 18. b4 Bxe2 19. Rxe2 Nc4 20. Nb3 Qc8 21. Bf1 Ndb6 22.
Nc5 a6 23. Bd2 Nxd2 24. Rxd2 Nc4 25. Rda2 1/2-1/2

[Event "Ogolnopolski Integracyjny Turniej Szacho"]
[Site "Osrodek "]
[Date "2012.??.??"]
[Round "7.21"]
[White "Zieba, Teofil"]
[Black "Tomczyk, Ryszard"]
[Result "1-0"]
[WhiteElo "1772"]
[BlackElo "1431"]
[PlyCount "47"]
[EventDate "2012.??.??"]

1. e4 c5 2. Nf3 d6 3. d4 cxd4 4. Nxd4 g6 5. Nc3 Nf6 6. f3 Bg7 7. Bc4 O-O 8. Bb3
Nbd7 9. a3 a6 10. Be3 b5 11. g4 Bb7 12. h4 h5 13. gxh5 Nxh5 14. Qd2 Ndf6 15.
O-O-O Qc7 16. Rhg1 Rad8 17. Rxg6 Kh7 18. Rg5 Bh6 19. Rxh5 Nxh5 20. Bxh6 Rh8 21.
Qg5 e5 22. Nf5 Rhg8 23. Qxh5 Rg6 24. Bg7+ 1-0

[Event "Ogolnopolski Integracyjny Turniej Szacho"]
[Site "Osrodek "]
[Date "2012.??.??"]
[Round "7.22"]
[White "Prokopczuk, Antoni"]
[Black "Jurkiewicz, Kazimierz"]
[Result "1-0"]
[WhiteElo "1748"]
[BlackElo "1468"]
[PlyCount "65"]
[EventDate "2012.??.??"]

1. d4 d5 2. c4 c6 3. Nf3 Bf5 4. Nc3 Nf6 5. e3 h6 6. Qb3 Bc8 7. cxd5 cxd5 8. Be2
b6 9. Ne5 e6 10. Bd2 Bd6 11. f4 Bxe5 12. fxe5 Nfd7 13. Qa3 Qe7 14. Qxe7+ Kxe7
15. Nb5 Nc6 16. O-O a5 17. Nd6 f5 18. Rfc1 Na7 19. b4 axb4 20. Bxb4 g6 21.
Nxc8+ Kf7 22. Nxa7 Rxa7 23. Rc2 Rb8 24. Rac1 Ke8 25. Bb5 Kd8 26. Bxd7 Kxd7 27.
a3 b5 28. Bd6 Rbb7 29. Rc8 g5 30. Rh8 h5 31. Rxh5 g4 32. Rh8 Rb6 33. Rh7+ 1-0

[Event "Ogolnopolski Integracyjny Turniej Szacho"]
[Site "Osrodek "]
[Date "2012.??.??"]
[Round "7.23"]
[White "Panczuk, Boleslaw"]
[Black "Szynwelski, Ryszard"]
[Result "0-1"]
[WhiteElo "1406"]
[BlackElo "1414"]
[PlyCount "48"]
[EventDate "2012.??.??"]

1. e4 e5 2. Nf3 Nc6 3. Bb5 Bd6 4. c3 Nge7 5. O-O O-O 6. Re1 Re8 7. d4 a6 8. Ba4
Ng6 9. Bb3 Na5 10. Bxf7+ Kxf7 11. Ng5+ Kg8 12. Qh5 h6 13. Qxg6 hxg5 14. Bxg5
Re7 15. Re3 Qe8 16. Qf5 Rf7 17. Qg6 Qe6 18. Qh5 g6 19. Qh4 Be7 20. Rh3 Bf6 21.
Qh8+ Bxh8 22. Nd2 d6 23. Rf1 Qxa2 24. Nf3 Bxh3 0-1

[Event "Ogolnopolski Integracyjny Turniej Szacho"]
[Site "Osrodek "]
[Date "2012.??.??"]
[Round "7.24"]
[White "Chmielowski, Stefan"]
[Black "Debowski, Stanislaw"]
[Result "0-1"]
[WhiteElo "1677"]
[BlackElo "1741"]
[PlyCount "78"]
[EventDate "2012.??.??"]

1. e4 d6 2. Nc3 g6 3. d4 Bg7 4. h3 Nf6 5. Nf3 O-O 6. Bd3 Nbd7 7. O-O e5 8. Be3
c6 9. Qd2 Qe7 10. Bh6 Re8 11. Bxg7 Kxg7 12. Ne2 Nf8 13. c3 Ne6 14. dxe5 dxe5
15. Nxe5 Nc5 16. f4 Ncxe4 17. Bxe4 Nxe4 18. Qd4 Nf6 19. a3 Rd8 20. Qf2 Ne4 21.
Qe3 f5 22. Rad1 Be6 23. Nd4 Rd6 24. Nxe6+ Qxe6 25. Rd4 c5 26. Rxd6 Qxd6 27. Kh2
Rd8 28. Qe2 a6 29. Rf3 Qd2 30. Qc4 Rd5 31. Nd3 Nf6 32. Nxc5 b5 33. Ne6+ Kh6 34.
Qc8 Kh5 35. Qf8 Ng4+ 36. hxg4+ fxg4 37. Rg3 Qe1 38. Ng7+ Kh4 39. Rd3 g3+ 0-1

[Event "Ogolnopolski Integracyjny Turniej Szacho"]
[Site "Osrodek "]
[Date "2012.??.??"]
[Round "7.26"]
[White "Krawczyk, Zbigniew"]
[Black "Krzystala, Henryk"]
[Result "1-0"]
[WhiteElo "1702"]
[BlackElo "1621"]
[PlyCount "87"]
[EventDate "2012.??.??"]

1. c4 e5 2. Nc3 Nf6 3. g3 Bc5 4. e3 a6 5. Bg2 O-O 6. Nge2 c6 7. d4 exd4 8. exd4
Bb4 9. O-O d5 10. cxd5 cxd5 11. Qb3 Bxc3 12. Nxc3 Nc6 13. Be3 Na5 14. Qc2 Nc4
15. Nxd5 Nxe3 16. Nxf6+ Qxf6 17. fxe3 Qe7 18. Rae1 g6 19. e4 b5 20. e5 Rb8 21.
d5 Qa7+ 22. Qf2 Qxf2+ 23. Rxf2 Bb7 24. d6 Bxg2 25. Kxg2 Kg7 26. g4 Rbe8 27. g5
h5 28. h4 Rc8 29. Ree2 Rc4 30. Kg3 Rd4 31. Rc2 Rg4+ 32. Kh3 Rc4 33. Rxc4 bxc4
34. e6 fxe6 35. Rxf8 Kxf8 36. Kg3 Ke8 37. Kf4 a5 38. a4 Kf8 39. Ke5 Kf7 40. d7
Ke7 41. d8=Q+ Kxd8 42. Kxe6 Kc7 43. Kf6 Kc6 44. Kxg6 1-0

[Event "Ogolnopolski Integracyjny Turniej Szacho"]
[Site "Osrodek "]
[Date "2012.??.??"]
[Round "7.28"]
[White "Woronowicz, Zbigniew"]
[Black "Kolcz, Jozef"]
[Result "1-0"]
[WhiteElo "1554"]
[BlackElo "1629"]
[PlyCount "33"]
[EventDate "2012.??.??"]

1. Nf3 d5 2. d4 Nc6 3. c4 e6 4. Bf4 Bd6 5. Bd2 dxc4 6. Qc2 b5 7. g3 Bb7 8. Bg2
Nge7 9. O-O O-O 10. Nc3 a6 11. a4 b4 12. Nd1 Na5 13. e4 Nb3 14. Ra2 Nxd2 15.
Nxd2 b3 16. Qxc4 bxa2 17. Qxa2 1-0

[Event "Ogolnopolski Integracyjny Turniej Szacho"]
[Site "Osrodek "]
[Date "2012.??.??"]
[Round "7.29"]
[White "Budnik, Kazimierz"]
[Black "Juraszewski, Mieczyslaw"]
[Result "1-0"]
[WhiteElo "1423"]
[BlackElo "1726"]
[PlyCount "32"]
[EventDate "2012.??.??"]

1. e4 c5 2. Nf3 d6 3. c4 Nc6 4. Nc3 Nf6 5. d3 e6 6. Bg5 Be7 7. Be2 Bd7 8. a4 h6
9. Bh4 Qb6 10. Nb5 a6 11. Bxf6 Bxf6 12. Nxd6+ Ke7 13. e5 Nxe5 14. Ne4 Nxf3+ 15.
Bxf3 Bxb2 16. Rb1 Bc3+ 1-0

[Event "Ogolnopolski Integracyjny Turniej Szacho"]
[Site "Osrodek "]
[Date "2012.??.??"]
[Round "8.2"]
[White "Pioch, Zygmunt"]
[Black "Bakalarz, Leszek"]
[Result "1-0"]
[WhiteElo "2120"]
[BlackElo "2161"]
[PlyCount "83"]
[EventDate "2012.??.??"]

1. e4 c5 2. Nf3 d6 3. d4 cxd4 4. Nxd4 Nf6 5. Nc3 g6 6. Bc4 Bg7 7. h3 O-O 8. Bb3
Nc6 9. Be3 Bd7 10. O-O Rc8 11. Re1 Ne5 12. Nf3 Nc4 13. Bxc4 Rxc4 14. e5 Ne8 15.
Bg5 Be6 16. Nd5 Bxd5 17. Qxd5 Rc7 18. Rad1 h6 19. Bh4 g5 20. Bg3 e6 21. Qd3 d5
22. c4 Rd7 23. b4 Qe7 24. c5 Nc7 25. Nd4 Rdd8 26. Rc1 Rc8 27. b5 f5 28. f3 h5
29. Bf2 h4 30. Re2 Ne8 31. c6 b6 32. Kh1 Rf7 33. Bg1 Bh6 34. Rf1 Ng7 35. a4 Nh5
36. Bh2 Rg7 37. Qd2 Rg6 38. Qc2 Qc5 39. Qd3 Kf7 40. Nxf5 Bf8 41. Nd6+ Bxd6 42.
exd6 1-0

[Event "Ogolnopolski Integracyjny Turniej Szacho"]
[Site "Osrodek "]
[Date "2012.??.??"]
[Round "8.4"]
[White "Wojcieszyn, Zdzislaw"]
[Black "Zinczuk, Leon"]
[Result "1-0"]
[WhiteElo "1958"]
[BlackElo "1907"]
[PlyCount "86"]
[EventDate "2012.??.??"]

1. c4 Nf6 2. g3 e6 3. Bg2 d5 4. cxd5 exd5 5. d4 Be7 6. Nc3 O-O 7. Bg5 c6 8. Nf3
Re8 9. O-O Nbd7 10. Rc1 Nf8 11. Qc2 Ne6 12. Bxf6 Bxf6 13. e3 Nf8 14. b4 a6 15.
a4 b5 16. Ra1 Bb7 17. Rfc1 Rc8 18. Qb2 Qd6 19. Ne1 Rc7 20. Nd3 Bc8 21. Nc5 Ne6
22. axb5 axb5 23. Nd3 h5 24. Ra8 Bd7 25. Rxe8+ Bxe8 26. Ra1 g6 27. Ra8 Re7 28.
Qa3 Kg7 29. Bh3 Ng5 30. Bg2 Bd7 31. Ra6 Qc7 32. Bxd5 Be8 33. Bg2 Ne6 34. Ne4
Nd8 35. Nxf6 Kxf6 36. d5 Kg7 37. dxc6 f6 38. Qc3 Re6 39. Nf4 Rd6 40. Nd5 Qc8
41. Ra7+ Nf7 42. c7 Bc6 43. e4 Ne5 1-0

[Event "Ogolnopolski Integracyjny Turniej Szacho"]
[Site "Osrodek "]
[Date "2012.??.??"]
[Round "8.5"]
[White "Najdzionek, Boleslaw"]
[Black "Staruch, Roman"]
[Result "1/2-1/2"]
[WhiteElo "1921"]
[BlackElo "1957"]
[PlyCount "40"]
[EventDate "2012.??.??"]

1. d4 Nf6 2. c4 e6 3. Nc3 d5 4. Bg5 Be7 5. e3 O-O 6. Nf3 h6 7. Bh4 Ne4 8. Bxe7
Qxe7 9. Qc2 Nxc3 10. bxc3 Nd7 11. Bd3 b6 12. cxd5 exd5 13. O-O Nf6 14. Ne5 Ng4
15. Nxg4 Bxg4 16. Rfe1 Rfe8 17. f3 Be6 18. e4 Qa3 19. e5 c5 20. Qc1 Qa5 1/2-1/2

[Event "Ogolnopolski Integracyjny Turniej Szacho"]
[Site "Osrodek "]
[Date "2012.??.??"]
[Round "8.6"]
[White "Strojek, Kazimierz"]
[Black "Miozga, Tomasz"]
[Result "0-1"]
[WhiteElo "1737"]
[BlackElo "1863"]
[PlyCount "36"]
[EventDate "2012.??.??"]

1. e4 e6 2. Qe2 Nf6 3. c3 d5 4. e5 Nfd7 5. d4 c5 6. Qg4 cxd4 7. cxd4 Nc6 8. a3
Qb6 9. Nf3 a5 10. Nc3 f5 11. Qf4 g5 12. Nxg5 Nxd4 13. Bd3 h6 14. Qh4 Nxe5 15.
Bb1 Ng6 16. Qh5 Rg8 17. Nf3 Nb3 18. O-O Nxa1 0-1

[Event "Ogolnopolski Integracyjny Turniej Szacho"]
[Site "Osrodek "]
[Date "2012.??.??"]
[Round "8.7"]
[White "Szczepaniec, Stanislaw"]
[Black "Salamon, Jan"]
[Result "1-0"]
[WhiteElo "2052"]
[BlackElo "1802"]
[PlyCount "70"]
[EventDate "2012.??.??"]

1. c4 c5 2. Nf3 Nf6 3. Nc3 g6 4. d4 cxd4 5. Nxd4 Bg7 6. e4 d6 7. Be2 O-O 8. O-O
Nc6 9. Be3 a6 10. Qd2 Bd7 11. Rac1 Rc8 12. f3 Re8 13. Nxc6 Bxc6 14. Nd5 Nxd5
15. cxd5 Bd7 16. Qb4 b5 17. b3 Bb2 18. Rxc8 Qxc8 19. Qa5 Qb7 20. Rb1 Bg7 21.
Rc1 Rc8 22. Rxc8+ Qxc8 23. Qb6 h5 24. Kf2 Bf6 25. g3 Kg7 26. h4 Kh7 27. b4 Bc3
28. a3 Bb2 29. Qa5 Bf6 30. a4 bxa4 31. Qxa6 Qc2 32. Qc4 Qxc4 33. Bxc4 a3 34.
Bd2 Bb2 35. Ba2 e6 1-0

[Event "Ogolnopolski Integracyjny Turniej Szacho"]
[Site "Osrodek "]
[Date "2012.??.??"]
[Round "8.9"]
[White "Niecko, Stanislaw"]
[Black "Borowski, Jaroslaw"]
[Result "1/2-1/2"]
[WhiteElo "1828"]
[BlackElo "1977"]
[PlyCount "55"]
[EventDate "2012.??.??"]

1. c4 Nf6 2. Nc3 g6 3. g3 Bg7 4. Bg2 O-O 5. d4 d6 6. Nf3 Nc6 7. O-O Rb8 8. Rb1
Bf5 9. Ra1 Na5 10. Nh4 Be6 11. b3 a6 12. Bb2 c6 13. f4 Qc8 14. e4 Bh3 15. f5
Bxg2 16. Kxg2 b5 17. e5 dxe5 18. dxe5 Nd7 19. fxg6 fxg6 20. Rxf8+ Nxf8 21. cxb5
Bxe5 22. bxa6 Qxa6 23. Na4 Qb5 24. Bxe5 Qxe5 25. Rc1 Ne6 26. Nc3 Rd8 27. Qe1
Qxe1 28. Rxe1 1/2-1/2

[Event "Ogolnopolski Integracyjny Turniej Szacho"]
[Site "Osrodek "]
[Date "2012.??.??"]
[Round "8.10"]
[White "Winiarski, Kazimierz"]
[Black "Zieba, Teofil"]
[Result "1-0"]
[WhiteElo "1941"]
[BlackElo "1772"]
[PlyCount "59"]
[EventDate "2012.??.??"]

1. e4 c5 2. Nf3 Nc6 3. d4 cxd4 4. Nxd4 Nf6 5. Nc3 d6 6. Be2 e6 7. O-O Be7 8.
Be3 Bd7 9. Kh1 O-O 10. f4 h6 11. Bf3 a6 12. Qd2 Rc8 13. Nxc6 Bxc6 14. Qf2 b5
15. a3 Qc7 16. Rae1 Rfe8 17. Qg3 Nh7 18. Bd4 Bf6 19. e5 dxe5 20. Bxe5 Bxe5 21.
fxe5 Bxf3 22. Rxf3 Nf8 23. Ref1 Re7 24. Ne4 Ng6 25. Nd6 Rf8 26. c3 Qc5 27. h4
Qd5 28. Re1 Qd2 29. h5 Nh8 30. Ne4 1-0

[Event "Ogolnopolski Integracyjny Turniej Szacho"]
[Site "Osrodek "]
[Date "2012.??.??"]
[Round "8.11"]
[White "Relidzynski, Tadeusz"]
[Black "Prokopczuk, Antoni"]
[Result "1-0"]
[WhiteElo "1913"]
[BlackElo "1748"]
[PlyCount "81"]
[EventDate "2012.??.??"]

1. e4 e5 2. Nf3 Nc6 3. Bb5 a6 4. Ba4 Nf6 5. O-O Be7 6. Re1 b5 7. Bb3 d6 8. c3
Qd7 9. h3 O-O 10. d3 h6 11. Nbd2 Re8 12. Nf1 Bb7 13. Ng3 Bf8 14. Nf5 Kh7 15.
N3h4 g6 16. Ne3 Na5 17. Bc2 Qe7 18. g3 Qd7 19. Kh2 Bc8 20. g4 Be7 21. Nf3 Rh8
22. Ng1 Nc6 23. Qf3 Kg7 24. a4 Bb7 25. Bd2 Nd8 26. Nd5 Ne6 27. Ne2 Nxd5 28.
exd5 Ng5 29. Bxg5 Bxg5 30. d4 Rae8 31. axb5 axb5 32. b3 h5 33. Rg1 hxg4 34.
Rxg4 Qe7 35. Rag1 Bf4+ 36. Nxf4 exf4 37. Rxg6+ Kf8 38. Qxf4 Qh4 39. Qxh4 Rxh4
40. Rg8+ Ke7 41. Re1+ 1-0

[Event "Ogolnopolski Integracyjny Turniej Szacho"]
[Site "Osrodek "]
[Date "2012.??.??"]
[Round "8.12"]
[White "Karolak, Jan"]
[Black "Radwan, Jan"]
[Result "1-0"]
[WhiteElo "1906"]
[BlackElo "1618"]
[PlyCount "65"]
[EventDate "2012.??.??"]

1. Nf3 b6 2. g3 Bb7 3. Bg2 c5 4. d3 e6 5. O-O Nf6 6. e4 h6 7. Nc3 d6 8. Re1 Be7
9. e5 dxe5 10. Nxe5 Bxg2 11. Kxg2 O-O 12. Qf3 Na6 13. Nc6 Qd7 14. Nxe7+ Qxe7
15. a3 Rac8 16. Bf4 Rfd8 17. Be5 Nd7 18. Qb7 Nab8 19. Bxb8 Rxb8 20. Qxa7 Qg5
21. Qc7 Nf8 22. Qe5 Qe7 23. Kg1 Ng6 24. Qh5 Qf6 25. Rab1 Rd7 26. Re3 Qd8 27.
Qf3 Ne7 28. Re5 Nf5 29. Nb5 Qf6 30. Ree1 Qg6 31. Qf4 Rbd8 32. Qe5 Rd5 33. Qc7
1-0

[Event "Ogolnopolski Integracyjny Turniej Szacho"]
[Site "Osrodek "]
[Date "2012.??.??"]
[Round "8.13"]
[White "Korycki, Jozef"]
[Black "Wodas, Pawel"]
[Result "0-1"]
[WhiteElo "1737"]
[BlackElo "1898"]
[PlyCount "57"]
[EventDate "2012.??.??"]

1. e4 c5 2. Nf3 Nc6 3. c3 d5 4. exd5 Qxd5 5. d3 Bf5 6. Be3 h6 7. Na3 e6 8. Be2
Rd8 9. c4 Qd7 10. O-O Nf6 11. h3 Be7 12. Qa4 O-O 13. Rfd1 e5 14. Bf1 Nd4 15.
Qxd7 Nxf3+ 16. gxf3 Rxd7 17. Nb5 a6 18. Nc3 Rfd8 19. Na4 Rc7 20. Rac1 g5 21. a3
Nd7 22. Kg2 Be6 23. Be2 f5 24. b3 Kg7 25. Nb2 Kg6 26. Bd2 Nb8 27. Bc3 Nc6 28.
a4 Bf6 29. Rd2 0-1

[Event "Ogolnopolski Integracyjny Turniej Szacho"]
[Site "Osrodek "]
[Date "2012.??.??"]
[Round "8.16"]
[White "Szynwelski, Ryszard"]
[Black "Olszewski, Jerzy"]
[Result "0-1"]
[WhiteElo "1414"]
[BlackElo "1806"]
[PlyCount "72"]
[EventDate "2012.??.??"]

1. e4 e5 2. Nf3 Nc6 3. Nc3 Bc5 4. Bb5 Nge7 5. d3 h6 6. a3 a6 7. Bc4 O-O 8. Ne2
d6 9. d4 exd4 10. Nexd4 Bg4 11. Ne2 Bxf3 12. gxf3 Ne5 13. Bd3 Nxf3+ 14. Kf1 Ng6
15. Ng1 Nxg1 16. Rxg1 Qh4 17. Rg2 Kh8 18. c3 Ne5 19. Be2 Qxe4 20. f4 Nc6 21.
Bf3 Qc4+ 22. Be2 Qe6 23. Bg4 Qf6 24. Bf3 Rae8 25. Qd3 Re7 26. Bd2 Rfe8 27. Rg4
Be3 28. Re1 Bxd2 29. Rxe7 Rxe7 30. Qxd2 Ne5 31. Rg3 Nxf3 32. Rxf3 c6 33. Qf2
Qf5 34. Qg2 Qb1+ 35. Kf2 Qxb2+ 36. Kg3 Qxg2+ 0-1

[Event "Ogolnopolski Integracyjny Turniej Szacho"]
[Site "Osrodek "]
[Date "2012.??.??"]
[Round "8.17"]
[White "Zatylny, Jan"]
[Black "Przybylowicz, Kazimierz"]
[Result "1/2-1/2"]
[WhiteElo "1614"]
[BlackElo "1732"]
[PlyCount "63"]
[EventDate "2012.??.??"]

1. d4 d5 2. c4 c6 3. e3 Nf6 4. h3 Bf5 5. Nc3 e6 6. a3 Be7 7. Nf3 Nbd7 8. Be2
dxc4 9. Bxc4 O-O 10. O-O Re8 11. b4 Nb6 12. Bb3 Nbd5 13. Bb2 Nxc3 14. Bxc3 Ne4
15. Bb2 Bg6 16. Qe1 Bd6 17. Ne5 Qe7 18. f3 Nf6 19. Rc1 Rad8 20. e4 Bb8 21. Bc2
a6 22. g4 Nd7 23. f4 Nxe5 24. dxe5 Ba7+ 25. Kg2 h6 26. f5 exf5 27. exf5 Bh7 28.
f6 gxf6 29. Bxh7+ Kxh7 30. Rd1 Rxd1 31. Qe4+ Kg8 32. Rxd1 1/2-1/2

[Event "Ogolnopolski Integracyjny Turniej Szacho"]
[Site "Osrodek "]
[Date "2012.??.??"]
[Round "8.18"]
[White "Dembowski, Andrzej"]
[Black "Borkowski, Jozef"]
[Result "1-0"]
[WhiteElo "1911"]
[BlackElo "1717"]
[PlyCount "94"]
[EventDate "2012.??.??"]

1. Nf3 d5 2. g3 Nc6 3. d4 g6 4. Bg2 Bg7 5. O-O f5 6. c3 Nf6 7. Nbd2 O-O 8. Ne1
b6 9. Nd3 a5 10. Nf3 Ba6 11. a4 Re8 12. Bf4 Nd7 13. Qd2 e6 14. Ng5 Nf6 15. Nf3
Ne4 16. Qd1 h6 17. Nfe5 Ne7 18. f3 Nf6 19. Qd2 g5 20. Be3 Kh7 21. Bf2 Ng6 22.
Rae1 Nd7 23. Nxg6 Kxg6 24. e4 c6 25. Re2 Nf6 26. Rfe1 fxe4 27. fxe4 Kf7 28. Re3
Kg8 29. Ne5 Qc8 30. exd5 cxd5 31. Qc2 Ra7 32. Qg6 Rf8 33. Bh3 Qe8 34. Qc2 Ne4
35. Rxe4 dxe4 36. Qxe4 Rc7 37. Ng6 Rf6 38. Bxe6+ Rxe6 39. Qxe6+ Qxe6 40. Rxe6
Kf7 41. Rd6 Bd3 42. Ne5+ Bxe5 43. dxe5 b5 44. axb5 Bxb5 45. Rxh6 Kg7 46. Rb6
Bc6 47. Bd4 Kf7 1-0

[Event "Ogolnopolski Integracyjny Turniej Szacho"]
[Site "Osrodek "]
[Date "2012.??.??"]
[Round "8.19"]
[White "Tomczyk, Ryszard"]
[Black "Kowalczyk, Lucjan"]
[Result "1/2-1/2"]
[WhiteElo "1431"]
[BlackElo "2103"]
[PlyCount "28"]
[EventDate "2012.??.??"]

1. d4 b5 2. e3 Bb7 3. Nf3 a6 4. c4 b4 5. Be2 Nf6 6. Qb3 e6 7. Nbd2 Nc6 8. a3 a5
9. O-O a4 10. Qc2 b3 11. Qd3 d5 12. Re1 Na5 13. Qb1 dxc4 14. Ne5 c5 1/2-1/2

[Event "Ogolnopolski Integracyjny Turniej Szacho"]
[Site "Osrodek "]
[Date "2012.??.??"]
[Round "8.20"]
[White "Jurkiewicz, Kazimierz"]
[Black "Dulinski, Stanislaw"]
[Result "0-1"]
[WhiteElo "1468"]
[BlackElo "1851"]
[PlyCount "90"]
[EventDate "2012.??.??"]

1. d4 Nf6 2. Nf3 d5 3. h3 c6 4. Bf4 Nbd7 5. e3 Qb6 6. b3 Ne4 7. Bd3 g6 8. O-O
Bg7 9. Nbd2 f5 10. Rc1 e6 11. c4 O-O 12. c5 Qd8 13. Bxe4 fxe4 14. Ne5 Nxe5 15.
Bxe5 Bxe5 16. dxe5 Qg5 17. f4 exf3 18. Nxf3 Qxe3+ 19. Kh1 Bd7 20. Re1 Qh6 21.
Qd4 Rf4 22. Qe3 Raf8 23. Kh2 g5 24. Kg3 R8f5 25. Rf1 Be8 26. b4 a6 27. Qd3 Bg6
28. Qd1 Rxb4 29. Qd2 Rff4 30. a3 Ra4 31. Qb2 Rf7 32. Qb3 Raf4 33. Nd2 Qg7 34.
Qb2 h5 35. Nf3 Be4 36. Nd2 Bd3 37. Rxf4 Rxf4 38. Rc3 Bb5 39. Re3 d4 40. Qb3
dxe3 41. Qxe6+ Qf7 42. Qc8+ Kg7 43. Nf3 h4+ 44. Kh2 Rxf3 45. gxf3 e2 0-1